Générique Mira, Détective Royale - Paroles - Statistiques

Statistiques générales
  • Ce quiz a été pris 8 fois
  • Le résultat moyen est 16 sur 22
Statistiques - réponses
Paroles % Correct
Détective {Royale}
100%
Faites place à {Mira}
100%
Mira, Mira, Mira, Mira, Mira, {Mira}, hey!
100%
Détective {Royale}
88%
Détective {Royale}
88%
Détective {Royale}
88%
Faites place à {Mira}
88%
Faites place à {Mira}
88%
J'aide mes {amis}
88%
Je m'appelle {Mira}
88%
Mira, Mira, Mira, Mira, Mira, {Mira}, hey!
88%
Alors je saisis ma {chance}
75%
Tout le monde sait que j'{aime}
75%
Grace aux {indices}
63%
Mettons nous tous au {travail}
63%
Toutes sortes de {mystères}
63%
Elle résouds chaque {affaire}
50%
Et la reine te fait {confiance}
50%
J'enquête avec {assurance}
38%
Notre héroïne est {géniale}
38%
Nous portons sur le {monde}
38%
Un tout nouveau {regard}
38%
Aucun quiz correspondant
Distribution des résultats
% des personnes avec chaque résultat
Percentile par nombre de réponses
Votre historique - résultats
Vous n’avez pas pris ce quiz